| 000 | 00977cam a22002055a 4500 | ||
|---|---|---|---|
| 001 | L156243 | ||
| 008 | 120509s1837 xxk f 000 0 eng d | ||
| 035 | _a(Sirsi) u156243 | ||
| 041 | 0 | _aeng | |
| 110 | 2 |
_aGreat Britain _bParliament _bHouse of Commons _96039 |
|
| 245 | 0 | 0 | _aMunicipal corporation boundaries, (Ireland). Copy of instructions given ... with reference to the boundaries and division into wards of the several cities, boroughs and towns corporate in Ireland ...reports and plans |
| 260 |
_a[London] _b[s.n.] _c1837 |
||
| 300 |
_aca. 150p., [76] leaves of plates (some fold.) _bmaps _c35 cm. |
||
| 490 | 0 |
_aHouse of Commons Paper _v(301) |
|
| 520 | _aOrdered, by the House of Commons, to be printed 10 May 1837. Each report accompanied by one or more maps of the town or borough. | ||
| 583 | 0 |
_aCondition reviewed _c20120620 _lcondition level 4, detached boards, missing spine |
|
| 651 | 4 | _aIreland (Island of) | |
| 690 | _aBusiness and management | ||
| 942 | _n0 | ||
| 999 |
_c114125 _d114125 |
||